| 000 | 00999nam a2200229Ia 4500 | ||
|---|---|---|---|
| 999 |
_c35319 _d35319 |
||
| 001 | 1170 | ||
| 003 | GE_BSU | ||
| 005 | 20250417165310.0 | ||
| 008 | 181216s1978||||ge |||||||||||||| ||geo|| | ||
| 040 | _cGE_BSU | ||
| 041 | _ageo | ||
| 080 | _a581.2(075.8) ყ–261 | ||
| 100 |
_aყანჩაველი, ლ. _924871 |
||
| 245 |
_aზოგადი ფიტოპათოლოგია _bიმუნიტეტისა და მიკოლოგიის საფუძვლებით : [სახელმძღვ. სას.-სამ. ინ-ტის სტუდენტებისათვის] / _cლ. ყანჩაველი. |
||
| 264 |
_aთბილისი : _bგანათლება, _c1978. |
||
| 300 |
_a382 გვ. : _b ილ. ; _c21 სმ. |
||
| 541 | _h15 ლ. | ||
| 653 | _aზოგადი ფიტოპათოლოგია | ||
| 653 | _aიმუნიზაცია | ||
| 653 | _aმიკოლოგია | ||
| 942 |
_cBK _2udc |
||